[Event "26th EUR-ch"]
[Site "Katowice POL"]
[Date "2026.04.18"]
[Round "10.132"]
[White "Kosmas-Lekkas, Dimitrios"]
[Black "Grebeniuk, Semen"]
[Result "1-0"]
[WhiteElo "2195"]
[BlackElo "2324"]
[EventDate "2026.04.07"]
[PlyCount "129"]

1.c4 e5 2.g3 Nc6 3.Bg2 Bc5 4.Nc3 a6 5.Nf3 d6 6.d3 f5 7.Bg5 Nce7 8.d4 exd4 
9.Nxd4 h6 10.Be3 Nf6 11.Nc2 Bxe3 12.Nxe3 O-O 13.Qd2 Rb8 14.Rd1 f4 15.gxf4 
Nh5 16.c5 Nxf4 17.cxd6 Nf5 18.Bd5+ Nxd5 19.Qxd5+ Rf7 20.dxc7 Qxc7 21.Qd8+ 
Kh7 22.Qxc7 Rxc7 23.Nxf5 Bxf5 24.f3 b5 25.a3 Rc6 26.Nd5 Re8 27.Kf2 Be6 28.
Nb4 Rb6 29.Rd2 Bc4 30.Nc2 Re5 31.Nd4 Rh5 32.e4 b4 33.axb4 Rxb4 34.Ke3 Rb6 
35.Rg1 Ra5 36.Rc2 Bg8 37.Rc7 Rg5 38.Rxg5 hxg5 39.Rc2 Bf7 40.Rg2 Bc4 41.Rc2
Bf1 42.b3 Rh6 43.Nf5 Rb6 44.Kf2 Bh3 45.Nd4 Rb4 46.Ke3 Bf1 47.Rc5 Kg6 48.
Rd5 Rb6 49.e5 Bh3 50.Ke4 g4 51.Rd6+ Rxd6 52.exd6 gxf3 53.Nxf3 Kf6 54.Kd4 
Bg2 55.Ne5 Ke6 56.Kc5 g5 57.d7 Ke7 58.Kb6 Kd8 59.Kxa6 Kc7 60.Kb5 Be4 61.
Kc5 Bg2 62.b4 Be4 63.b5 g4 64.b6+ Kd8 65.Kd6 1-0

[Event "26th EUR-ch"]
[Site "Katowice POL"]
[Date "2026.04.18"]
[Round "10.133"]
[White "Warchol, Kamil"]
[Black "Krzywda, Andrzej"]
[Result "1/2-1/2"]
[WhiteElo "2321"]
[BlackElo "2172"]
[EventDate "2026.04.07"]
[PlyCount "70"]

1.e4 c5 2.Nf3 e6 3.d4 cxd4 4.Nxd4 Nc6 5.Bf4 d6 6.Nxc6 bxc6 7.Bd3 Rb8 8.Nd2
e5 9.Be3 Qc7 10.O-O Nf6 11.h3 Be7 12.c4 Nd7 13.Rb1 Nc5 14.Bc2 Ne6 15.b4 h6
16.Nf3 g5 17.Qd2 Rg8 18.c5 dxc5 19.bxc5 Rxb1 20.Rxb1 h5 21.Qb4 g4 22.hxg4 
hxg4 23.Nd2 g3 24.f3 Nd4 25.Bd3 f6 26.Nb3 Ne6 27.Qe1 Bf8 28.Kf1 Qh7 29.Ke2
Bh6 30.Qh1 Rh8 31.Qh5+ Qf7 32.Rh1 Qxh5 33.Rxh5 Bg7 34.Rxh8+ Bxh8 35.Bc4 
Ke7 1/2-1/2

[Event "26th EUR-ch"]
[Site "Katowice POL"]
[Date "2026.04.18"]
[Round "10.134"]
[White "Obada, Ema"]
[Black "Gibala, Adam"]
[Result "0-1"]
[WhiteElo "2181"]
[BlackElo "2317"]
[EventDate "2026.04.07"]
[PlyCount "88"]

1.e4 c5 2.Nf3 Nc6 3.d4 cxd4 4.Nxd4 Nf6 5.Nc3 e5 6.Ndb5 d6 7.Nd5 Nxd5 8.
exd5 Ne7 9.c4 Ng6 10.Qa4 Bd7 11.Qb4 Qb8 12.h4 h5 13.Be3 a6 14.Nc3 Be7 15.
Na4 Qc7 16.Qb6 Rc8 17.Qxc7 Rxc7 18.Nb6 Nxh4 19.Nxd7 Kxd7 20.Bb6 Rcc8 21.g3
Nf5 22.Bd3 g6 23.Ke2 Bf6 24.Rac1 Ne7 25.b4 Bg5 26.Bc2 Ng8 27.Ba4+ Ke7 28.
Rc2 Nf6 29.Rd1 h4 30.c5 Nd7 31.Ba7 hxg3 32.c6 bxc6 33.dxc6 Nf6 34.fxg3 e4 
35.Bg1 Ne8 36.Bb3 Nc7 37.Rc4 f5 38.a4 Rb8 39.Rcd4 Rhd8 40.g4 Bf6 41.gxf5 
gxf5 42.Bh2 Bxd4 43.Rxd4 Rb6 44.Rc4 Rdb8 0-1

[Event "26th EUR-ch"]
[Site "Katowice POL"]
[Date "2026.04.18"]
[Round "10.135"]
[White "Lyakh, Vasiliy"]
[Black "Ugorek, Kacper"]
[Result "1-0"]
[WhiteElo "2314"]
[BlackElo "2181"]
[EventDate "2026.04.07"]
[PlyCount "135"]

1.d4 d5 2.c4 e6 3.Nf3 c6 4.e3 f5 5.Bd3 Nf6 6.O-O Bd6 7.b3 Qe7 8.a4 Nbd7 9.
Ba3 O-O 10.Bxd6 Qxd6 11.a5 Ne4 12.Nbd2 Rf6 13.Qc2 Rh6 14.Qb2 Nxd2 15.Qxd2 
g5 16.Qb2 g4 17.Ne5 Nxe5 18.dxe5 Qe7 19.f4 gxf3 20.Rxf3 Bd7 21.a6 b6 22.
cxd5 cxd5 23.Rc1 Rg6 24.Rf2 Rg7 25.Rc7 Qg5 26.Qd4 Rc8 27.Rxc8+ Bxc8 28.Rc2
Bd7 29.Bf1 h6 30.Rc7 Be8 31.Rc8 Re7 32.Kf2 Kh7 33.Qb4 Bh5 34.h4 Qg7 35.Qd6
Be8 36.Bd3 h5 37.Rb8 Bg6 38.g3 f4 39.Bxg6+ Kxg6 40.exf4 Kf5 41.Rc8 Qh7 42.
Kf3 Qg7 43.Kf2 Qh7 44.Qc6 Kg4 45.Qc3 d4 46.Qf3+ Kf5 47.Qd3+ Kg4 48.Qd1+ 
Kf5 49.Kf3 Kg6 50.Qd3+ Kh6 51.Qxh7+ Kxh7 52.Rd8 Rc7 53.Rxd4 Rc3+ 54.Kg2 
Kg6 55.Rd7 Rxb3 56.Rxa7 Ra3 57.Ra8 Kf5 58.a7 Ke4 59.f5 Ra2+ 60.Kf1 exf5 
61.e6 Kf3 62.Ke1 b5 63.Kd1 b4 64.e7 b3 65.e8=Q Ra1+ 66.Kd2 b2 67.Qe2+ Kxg3
68.Rg8+ 1-0

[Event "26th EUR-ch"]
[Site "Katowice POL"]
[Date "2026.04.18"]
[Round "10.136"]
[White "Bachor, Tomasz"]
[Black "Kejna, Piotr"]
[Result "0-1"]
[WhiteElo "2178"]
[BlackElo "2311"]
[EventDate "2026.04.07"]
[PlyCount "62"]

1.d4 Nf6 2.Nf3 g6 3.c4 Bg7 4.Nc3 O-O 5.e4 d6 6.Be2 e5 7.dxe5 dxe5 8.Qxd8 
Rxd8 9.Bg5 Re8 10.Nd5 Nxd5 11.cxd5 c6 12.Bc4 b5 13.Bb3 a5 14.a4 Bb7 15.O-O
cxd5 16.Rfc1 bxa4 17.Bxa4 Rc8 18.Rxc8+ Bxc8 19.Rc1 Bd7 20.Rc7 dxe4 21.Nd2 
h6 22.Bxd7 Nxd7 23.Rxd7 hxg5 24.Nxe4 g4 25.Rb7 Rd8 26.Kf1 Rd1+ 27.Ke2 Rb1 
28.Rb8+ Bf8 29.Nf6+ Kg7 30.Nxg4 Bb4 31.Nxe5 Re1+ 0-1

[Event "26th EUR-ch"]
[Site "Katowice POL"]
[Date "2026.04.18"]
[Round "10.137"]
[White "Hnatyshyn, Anastasiia"]
[Black "Tsaknakis, Zisis"]
[Result "1/2-1/2"]
[WhiteElo "2164"]
[BlackElo "2306"]
[EventDate "2026.04.07"]
[PlyCount "105"]

1.e4 c5 2.Nf3 e6 3.d4 cxd4 4.Nxd4 Nc6 5.Nc3 Qc7 6.Be3 a6 7.a3 Nxd4 8.Qxd4 
b5 9.Be2 Bb7 10.f4 Nf6 11.Bf3 d6 12.g4 Rc8 13.g5 Nd7 14.Bg4 Qa5 15.O-O Rc4
16.Qd2 Be7 17.h4 O-O 18.h5 Rfc8 19.Be2 Rxc3 20.bxc3 Bxe4 21.Bd3 Bb7 22.g6 
hxg6 23.hxg6 fxg6 24.Bxg6 Qxc3 25.Qe2 Qf6 26.Qh5 Nf8 27.Bd3 d5 28.Qf3 Rc7 
29.Qf2 Nd7 30.Bd4 Bc5 31.Bxf6 Nxf6 32.Rfe1 Bxf2+ 33.Kxf2 Kf7 34.a4 b4 35.
a5 d4 36.Rab1 Nd5 37.Rb2 Rc5 38.Re5 Rxa5 39.Rxb4 Nxb4 40.Rxa5 Bc6 41.Rc5 
Nxd3+ 42.cxd3 Bb5 43.Ke2 Kf6 44.Re5 Bc6 45.Kd2 Bd5 46.Kc2 a5 47.Kb2 a4 48.
Ka3 Bg2 49.Kb4 a3 50.Kxa3 Bf1 51.Kb4 Bxd3 52.Kc5 Bf5 53.Kxd4 1/2-1/2

[Event "26th EUR-ch"]
[Site "Katowice POL"]
[Date "2026.04.18"]
[Round "10.138"]
[White "Alpaslan, Utku"]
[Black "Fruebing, Stefan"]
[Result "1/2-1/2"]
[WhiteElo "2105"]
[BlackElo "2304"]
[EventDate "2026.04.07"]
[PlyCount "87"]

1.e4 e5 2.Nf3 Nc6 3.Bc4 Bc5 4.d3 Nf6 5.Bg5 h6 6.Bh4 Be7 7.c3 O-O 8.Bxf6 
Bxf6 9.O-O d6 10.h3 g6 11.d4 Bg7 12.dxe5 Nxe5 13.Nxe5 dxe5 14.Qxd8 Rxd8 
15.Na3 Bd7 16.Rad1 a6 17.Rd2 Be8 18.Rfd1 Bf6 19.Bb3 Rxd2 20.Rxd2 Rd8 21.
Rxd8 Bxd8 22.Nc4 Bf6 23.Ne3 Kf8 24.Kf1 Bg5 25.Ke2 Ke7 26.g3 c6 27.h4 Bf6 
28.Kd3 b5 29.c4 Kd6 30.cxb5 cxb5 31.Bd5 Bd8 32.h5 Bb6 33.hxg6 fxg6 34.Ng4 
Bd7 35.Nxh6 Bxf2 36.Nf7+ Ke7 37.Nxe5 Bxg3 38.Nxg6+ Kf6 39.Nf8 Bc8 40.Nh7+ 
Kg6 41.Nf8+ Kf6 42.Nh7+ Kg6 43.Nf8+ Kf6 44.Nh7+ 1/2-1/2

[Event "26th EUR-ch"]
[Site "Katowice POL"]
[Date "2026.04.18"]
[Round "10.139"]
[White "Paikens, Reinis"]
[Black "Tirpan, Ceren"]
[Result "1-0"]
[WhiteElo "2302"]
[BlackElo "2167"]
[EventDate "2026.04.07"]
[PlyCount "103"]

1.c4 c5 2.g3 Nc6 3.Bg2 g6 4.Nf3 Bg7 5.Nc3 d6 6.d3 e6 7.O-O Nge7 8.e4 O-O 
9.Be3 Nd4 10.Qd2 Nec6 11.Ne2 Nxf3+ 12.Bxf3 Qf6 13.Bg2 Qxb2 14.Qxb2 Bxb2 
15.Rab1 Bg7 16.f4 Nb4 17.e5 Nc2 18.Bf2 dxe5 19.Bxc5 Rd8 20.Rfc1 Nd4 21.
Nxd4 exd4 22.Bxb7 Bxb7 23.Rxb7 e5 24.fxe5 Bxe5 25.Bxa7 Rdc8 26.Rcb1 Rc6 
27.R1b5 Re6 28.a4 Bf6 29.Rb8+ Rxb8 30.Rxb8+ Kg7 31.Bc5 g5 32.Rb3 Ra6 33.
Ra3 Kg6 34.g4 h5 35.h3 hxg4 36.hxg4 Be5 37.a5 f5 38.gxf5+ Kxf5 39.Bb6 Kf4 
40.Kf2 g4 41.Ra1 Bf6 42.c5 g3+ 43.Kg2 Ke3 44.Rf1 Be5 45.Re1+ Kf4 46.c6 Ra8
47.Bxd4 Bd6 48.Re6 Bb4 49.c7 Bxa5 50.Re4+ Kg5 51.Re5+ Kg4 52.Rxa5 1-0

[Event "26th EUR-ch"]
[Site "Katowice POL"]
[Date "2026.04.18"]
[Round "10.140"]
[White "Pozimski, Szymon"]
[Black "Noy, Eyal"]
[Result "1-0"]
[WhiteElo "2025"]
[BlackElo "2300"]
[EventDate "2026.04.07"]
[PlyCount "145"]

1.d4 Nf6 2.c4 e6 3.Nf3 d5 4.e3 Be7 5.Nc3 O-O 6.Qc2 Nbd7 7.Bd3 c5 8.cxd5 
exd5 9.b3 b6 10.O-O Bb7 11.Bb2 Rc8 12.Qe2 Re8 13.Rac1 Ne4 14.Ba6 Qc7 15.
Nxe4 dxe4 16.Nd2 Bf6 17.Ba3 Qb8 18.Bb5 Bc6 19.Bxc6 Rxc6 20.Qg4 Rce6 21.
dxc5 h5 22.Qxh5 Be7 23.Qf5 Bxc5 24.Bb2 Bd6 25.h3 Nc5 26.Bd4 Nd3 27.Rcd1 
Nb4 28.a3 Nc6 29.Nc4 Bh2+ 30.Kh1 b5 31.Nd2 Nxd4 32.exd4 Bd6 33.b4 a5 34.
bxa5 Bxa3 35.Rb1 b4 36.Nc4 Qd8 37.Qc5 Qh4 38.Rb3 Rf6 39.d5 e3 40.Rxe3 Rxe3
41.Nxe3 Qf4 42.Nc2 Qd2 43.Nxa3 bxa3 44.Qxa3 Qxd5 45.a6 Rg6 46.Rg1 Kh7 47.
a7 Qa8 48.f3 Rb6 49.Ra1 Rb7 50.Qd3+ g6 51.Qe4 Qxa7 52.Rxa7 Rxa7 53.Qh4+ 
Kg8 54.Qf6 Rd7 55.Kh2 Rd5 56.h4 Rb5 57.g4 Rd5 58.Kg3 Rb5 59.g5 Rb7 60.h5 
gxh5 61.Qh6 Rb1 62.Qxh5 Rb6 63.Qg4 Rc6 64.Qe4 Rb6 65.f4 Ra6 66.Kg4 Rb6 67.
f5 Rb8 68.Kh5 Rb6 69.Qe8+ Kg7 70.f6+ Rxf6 71.Qe5 Kg8 72.gxf6 Kh7 73.Qg5 
1-0

[Event "26th EUR-ch"]
[Site "Katowice POL"]
[Date "2026.04.18"]
[Round "10.141"]
[White "Heimisson, Hilmir Freyr"]
[Black "Kovalskyi, Roman"]
[Result "1/2-1/2"]
[WhiteElo "2297"]
[BlackElo "2159"]
[EventDate "2026.04.07"]
[PlyCount "177"]

1.c4 e6 2.Nf3 Nf6 3.Nc3 d5 4.d4 c5 5.cxd5 exd5 6.Bg5 Be6 7.Bxf6 Qxf6 8.e4 
cxd4 9.Bb5+ Nc6 10.Nxd5 Qd8 11.Nxd4 Bxd5 12.exd5 Bb4+ 13.Kf1 Qxd5 14.Rc1 
Rc8 15.Qe2+ Be7 16.Nxc6 bxc6 17.Bc4 Qg5 18.Re1 Rc7 19.h4 Qf6 20.h5 O-O 21.
h6 g6 22.g3 Bb4 23.Qe5 Qxe5 24.Rxe5 Rd7 25.Rh4 Rb8 26.b3 Bc3 27.Rc5 Bf6 
28.Rf4 Rd6 29.g4 Rb7 30.g5 Bd4 31.Ra5 Re7 32.Rf3 Bb6 33.Ra4 Rd1+ 34.Kg2 
Rd4 35.Kh3 Red7 36.Rf6 c5 37.Rc6 Kf8 38.Ra6 R4d6 39.Rxd6 Rxd6 40.a4 Rd7 
41.f4 Ke7 42.Kg4 Kf8 43.Kf3 Ke7 44.Bb5 Rb7 45.Ke4 Bc7 46.Bc4 Bb8 47.Rc6 
Rc7 48.Rf6 Kf8 49.Kd5 Ke8 50.Bb5+ Ke7 51.Bc6 Rc8 52.Kxc5 Bc7 53.b4 Bb6+ 
54.Kc4 Be3 55.b5 Bc1 56.Kb3 Rd8 57.a5 Be3 58.b6 axb6 59.a6 b5 60.Bxb5 Rd6 
61.Kc4 Rxf6 62.gxf6+ Kxf6 63.Kd3 Ba7 64.Ke4 g5 65.f5 Bb8 66.Be2 g4 67.Bxg4
Kg5 68.Bh3 Ba7 69.Ke5 f6+ 70.Kd6 Kxh6 71.Kc7 Kg5 72.Kb7 Be3 73.a7 Bxa7 74.
Kxa7 Kh4 75.Bg2 Kg3 76.Be4 Kf4 77.Bd3 h5 78.Kb6 h4 79.Kc5 Ke5 80.Bf1 Kxf5 
81.Kd4 Kf4 82.Bg2 Kg3 83.Be4 h3 84.Ke3 h2 85.Bh1 f5 86.Ke2 f4 87.Be4 f3+ 
88.Bxf3 h1=Q 89.Bxh1 1/2-1/2

[Event "26th EUR-ch"]
[Site "Katowice POL"]
[Date "2026.04.18"]
[Round "10.142"]
[White "Niezhentsev, Kyrylo"]
[Black "Zareba, Piotr"]
[Result "1/2-1/2"]
[WhiteElo "2293"]
[BlackElo "2143"]
[EventDate "2026.04.07"]
[PlyCount "86"]

1.e4 c5 2.Nf3 d6 3.d4 Nf6 4.Nc3 cxd4 5.Nxd4 Nc6 6.Bg5 Bd7 7.Qd2 Rc8 8.
O-O-O Nxd4 9.Qxd4 Qa5 10.f4 h6 11.Bxf6 gxf6 12.Kb1 Qc5 13.Qd3 h5 14.Be2 f5
15.Bf3 Qc4 16.Qe3 fxe4 17.Bxe4 Bg7 18.Rhe1 e6 19.Rxd6 Bxc3 20.Qxc3 Qxc3 
21.bxc3 Rxc3 22.f5 Ke7 23.Rd4 Bc6 24.Bxc6 Rxc6 25.Rf4 Rh6 26.Re3 Rc5 27.
fxe6 fxe6 28.Rg3 Rh7 29.Re4 Kd6 30.Rg6 Re5 31.Rd4+ Kc5 32.Rd3 Rf7 33.Rc3+ 
Kd4 34.Rd3+ Kc4 35.g4 Rf2 36.gxh5 Rxh2 37.h6 Reh5 38.Rxe6 Rxh6 39.Re4+ Kc5
40.Re5+ Kc6 41.Re7 Rh7 42.Rc3+ Kd6 43.Re8 Rd7 1/2-1/2

[Event "26th EUR-ch"]
[Site "Katowice POL"]
[Date "2026.04.18"]
[Round "10.143"]
[White "Lymar, Vladislav"]
[Black "Balinski, Damian"]
[Result "1/2-1/2"]
[WhiteElo "2289"]
[BlackElo "2154"]
[EventDate "2026.04.07"]
[PlyCount "107"]

1.e4 e5 2.Nf3 Nc6 3.Bc4 Nf6 4.d3 Bc5 5.c3 O-O 6.O-O d5 7.exd5 Nxd5 8.Re1 
Bg4 9.Nbd2 Nb6 10.h3 Bh5 11.b4 Bd6 12.Bb3 a5 13.b5 a4 14.bxc6 axb3 15.Qxb3
Bxf3 16.Nxf3 bxc6 17.Bg5 Qd7 18.c4 Kh8 19.a4 f6 20.Be3 Rfb8 21.Qc2 Bb4 22.
Reb1 c5 23.a5 Rxa5 24.Rxa5 Bxa5 25.Bxc5 Qc6 26.Be3 Nd7 27.Rxb8+ Nxb8 28.d4
exd4 29.Nxd4 Qe8 30.c5 h6 31.Nf5 Nc6 32.Qa4 Qe6 33.Qg4 Qf7 34.Qe4 Qd7 35.
Nh4 Kg8 36.Bxh6 gxh6 37.Qg6+ Kf8 38.Qxf6+ Ke8 39.Qh8+ Kf7 40.Qh7+ Ke8 41.
Qg8+ Ke7 42.Ng6+ Kf6 43.Nf4 Qf7 44.Qh8+ Ke7 45.Qxh6 Kd7 46.Qg5 Kc8 47.h4 
Bd2 48.Qg4+ Qd7 49.Qg8+ Qd8 50.Qe6+ Qd7 51.Qe4 Qd4 52.Qxd4 Nxd4 53.Nd3 Kd7
54.h5 1/2-1/2

[Event "26th EUR-ch"]
[Site "Katowice POL"]
[Date "2026.04.18"]
[Round "10.144"]
[White "Ilko-Toth, Andras"]
[Black "Yekeler, Kerem Sarp"]
[Result "1/2-1/2"]
[WhiteElo "2283"]
[BlackElo "2116"]
[EventDate "2026.04.07"]
[PlyCount "71"]

1.d4 Nf6 2.Nf3 e6 3.g3 b5 4.Bg2 Bb7 5.O-O c5 6.Na3 a6 7.c4 cxd4 8.cxb5 
Bxa3 9.bxa3 axb5 10.Nxd4 Bxg2 11.Kxg2 O-O 12.Nxb5 d5 13.Bb2 Nbd7 14.Rb1 
Nb6 15.Bxf6 Qxf6 16.Nc7 Rac8 17.Rxb6 Rxc7 18.Qb3 Qe5 19.Rb8 Rcc8 20.Rxc8 
Rxc8 21.Qb7 Qe4+ 22.Kg1 Qc4 23.a4 h6 24.a5 Rc5 25.Qb8+ Kh7 26.Qa7 Rc7 27.
Qb6 Rc6 28.Qa7 Qxe2 29.Qxf7 Ra6 30.Qb7 Qd3 31.Re1 Rxa5 32.Rxe6 Rxa2 33.Re1
Qf5 34.Qb6 Rd2 35.Qe3 Rd3 36.Qc5 1/2-1/2

[Event "26th EUR-ch"]
[Site "Katowice POL"]
[Date "2026.04.18"]
[Round "10.145"]
[White "Rekuc, Patryk"]
[Black "Basdar, Atakan"]
[Result "1-0"]
[WhiteElo "2280"]
[BlackElo "2125"]
[EventDate "2026.04.07"]
[PlyCount "71"]

1.d4 d5 2.Nf3 Nf6 3.c4 e6 4.e3 Be7 5.b3 O-O 6.Bd3 b6 7.O-O Bb7 8.Bb2 Nbd7 
9.Nc3 c5 10.Qe2 cxd4 11.exd4 Qc7 12.Rac1 Qf4 13.Ne1 Rac8 14.Nc2 Bd6 15.g3 
Qh6 16.Nb5 Be7 17.Nxa7 Ra8 18.Nb5 Rxa2 19.Ne3 dxc4 20.bxc4 Qh3 21.f3 Rfa8 
22.Bb1 R2a5 23.Bc3 Ra4 24.Bc2 Ra2 25.Bd2 Rc8 26.Ng2 e5 27.dxe5 Nxe5 28.Nf4
Bc5+ 29.Be3 Qh6 30.Bxc5 Rxc5 31.Nd6 Ra7 32.Nf5 Qg5 33.h4 Nxf3+ 34.Rxf3 
Bxf3 35.Qd3 Rd7 36.Qxf3 1-0

[Event "26th EUR-ch"]
[Site "Katowice POL"]
[Date "2026.04.18"]
[Round "10.146"]
[White "Walaszczyk, Aleksander"]
[Black "Ribeiro, Gustavo"]
[Result "1-0"]
[WhiteElo "1878"]
[BlackElo "2280"]
[EventDate "2026.04.07"]
[PlyCount "137"]

1.e4 d6 2.d4 Nf6 3.Nc3 e5 4.Nf3 Nbd7 5.Bc4 Be7 6.O-O O-O 7.a4 c6 8.Re1 a5 
9.h3 Qc7 10.Ba2 h6 11.Nh4 Nb6 12.Ng6 Re8 13.Nxe7+ Rxe7 14.Be3 Be6 15.d5 
cxd5 16.exd5 Bd7 17.Nb5 Bxb5 18.axb5 Nc4 19.Bc1 Qc5 20.b3 Nb6 21.c4 Qc7 
22.Qf3 Nbd7 23.Be3 Rae8 24.b6 Nxb6 25.Bxh6 Nh7 26.Bd2 Nd7 27.Bb1 b6 28.Qh5
Ndf8 29.Re3 g6 30.Qh6 f5 31.Rg3 Rg7 32.f4 Nf6 33.fxe5 dxe5 34.Qh4 Nh5 35.
Rg5 Nf4 36.Qf2 Nh7 37.Rg3 Nh5 38.Rc3 f4 39.c5 e4 40.cxb6 Qd8 41.Bxf4 Rf7 
42.Bc7 Qxd5 43.Qe1 Ng5 44.b4 Qd4+ 45.Qe3 Qd1+ 46.Kh2 Kh7 47.Rc1 Nf3+ 48.
gxf3 exf3 49.Rxd1 Rxe3 50.Bd3 axb4 51.Rac1 b3 52.b7 b2 53.Bxg6+ Kxg6 54.
Rc6+ Kh7 55.b8=Q Re2+ 56.Kh1 f2 57.Rf1 Rg7 58.Qb5 Re1 59.Qxh5+ Kg8 60.Qd5+
Kh7 61.Qd3+ Kg8 62.Rb6 Rg1+ 63.Kh2 Rexf1 64.Rb8+ Kf7 65.Qd7+ Kf6 66.Rf8+ 
Kg6 67.Qf7+ Kh6 68.Rh8+ Kg5 69.Rh5# 1-0

[Event "26th EUR-ch"]
[Site "Katowice POL"]
[Date "2026.04.18"]
[Round "10.147"]
[White "Baerwinkel, Tobias"]
[Black "Podgorski, Maciej"]
[Result "0-1"]
[WhiteElo "2323"]
[BlackElo "2112"]
[EventDate "2026.04.07"]
[PlyCount "104"]

1.e4 e5 2.Nf3 Nc6 3.d4 exd4 4.Nxd4 Nf6 5.Nxc6 bxc6 6.e5 Qe7 7.Qe2 Nd5 8.h4
d6 9.c4 Nb6 10.exd6 cxd6 11.Be3 Be6 12.Nd2 d5 13.g3 O-O-O 14.cxd5 Nxd5 15.
Bg2 Nxe3 16.Qxe3 Qc5 17.Qe2 Qc2 18.Qa6+ Kb8 19.O-O Bc8 20.Qc4 Rxd2 21.Qxf7
Qf5 22.Qc4 Bb7 23.Rac1 Qf6 24.Rc3 Rxb2 25.Rf3 Rb4 26.Qd3 Qd4 27.Qe2 Bc5 
28.Rf7 Rd8 29.Qe6 Qd6 30.Qf5 Bd4 31.Kh2 Bf6 32.h5 Rb5 33.Qf3 Rd7 34.Rxd7 
Qxd7 35.h6 Qf5 36.hxg7 Bxg7 37.Qe3 Re5 38.Qb3 Qe6 39.Qd3 Rh5+ 40.Kg1 Qe8 
41.Qd6+ Ka8 42.Rd1 Be5 43.Qb4 Bxg3 44.Qg4 Bh2+ 45.Kh1 Bb8+ 46.Kg1 Qe5 47.
Qc4 Qh2+ 48.Kf1 Rg5 49.Bxc6 Rg1+ 50.Ke2 Qe5+ 51.Kf3 Qf6+ 52.Ke2 Qe7+ 0-1

[Event "26th EUR-ch"]
[Site "Katowice POL"]
[Date "2026.04.18"]
[Round "10.148"]
[White "Latzke, Boris"]
[Black "Ljepic, Andrej"]
[Result "0-1"]
[WhiteElo "2173"]
[BlackElo "2446"]
[EventDate "2026.04.07"]
[PlyCount "56"]

1.d4 Nf6 2.c4 e6 3.Nf3 b6 4.a3 Bb7 5.Nc3 Ne4 6.Nxe4 Bxe4 7.g3 Be7 8.Bg2 
O-O 9.O-O Bf6 10.Be3 c5 11.dxc5 Bxb2 12.Ra2 Bf6 13.Ne1 Bxg2 14.Nxg2 Nc6 
15.cxb6 axb6 16.c5 b5 17.Qb3 Qa5 18.Bd2 b4 19.Ne3 Qa4 20.Rb1 Rfb8 21.Nc4 
bxa3 22.Nb6 Qe4 23.Qd3 Qxd3 24.exd3 Ra7 25.Bc1 Bd4 26.Rb5 d6 27.Rxa3 Bxc5 
28.Rab3 Nd4 0-1

[Event "26th EUR-ch"]
[Site "Katowice POL"]
[Date "2026.04.18"]
[Round "10.149"]
[White "Kuegel, Tobias"]
[Black "Senel, Hayri Beyhun"]
[Result "1-0"]
[WhiteElo "2398"]
[BlackElo "2172"]
[EventDate "2026.04.07"]
[PlyCount "91"]

1.c4 Nf6 2.Nc3 c5 3.e4 Nc6 4.Nge2 e5 5.d3 d6 6.g3 g6 7.Bg2 Bg7 8.O-O h6 9.
a3 Be6 10.Rb1 Qd7 11.b4 b6 12.b5 Nd4 13.Nxd4 cxd4 14.Na2 O-O 15.Nb4 Bh3 
16.Rb2 Bxg2 17.Kxg2 Nh7 18.f4 f5 19.Rbf2 fxe4 20.dxe4 Qe6 21.Qd3 Nf6 22.f5
gxf5 23.Rxf5 Nd7 24.Nd5 Rac8 25.Qe2 Kh7 26.Bd2 Nf6 27.Bxh6 Nxd5 28.exd5 
Qxh6 29.Rh5 Rxf1 30.Qd3+ Kh8 31.Rxh6+ Bxh6 32.Kxf1 Kg7 33.h4 Be3 34.Kg2 
Rf8 35.h5 Rf6 36.Kh3 Kh6 37.Kg4 Bg5 38.a4 Be3 39.Qe4 Bd2 40.Qc2 Be3 41.Qb1
Bd2 42.Qe4 Kg7 43.Kh4 Kh6 44.Qg4 Kh7 45.Qd7+ Kh6 46.Qe8 1-0

[Event "26th EUR-ch"]
[Site "Katowice POL"]
[Date "2026.04.18"]
[Round "10.150"]
[White "Elci, Eren"]
[Black "Plichta, Kamil"]
[Result "0-1"]
[WhiteElo "2158"]
[BlackElo "2361"]
[EventDate "2026.04.07"]
[PlyCount "76"]

1.d4 d5 2.c4 e6 3.Nc3 Nf6 4.cxd5 exd5 5.Bg5 c6 6.e3 h6 7.Bh4 Be7 8.Bd3 O-O
9.Nge2 Re8 10.O-O Nbd7 11.a4 Nh5 12.Bxe7 Qxe7 13.a5 Ndf6 14.Nc1 g6 15.Nb3 
Ng7 16.Re1 h5 17.f3 h4 18.h3 Ngh5 19.Qd2 Be6 20.Ne2 b6 21.Rac1 Rac8 22.Nf4
Qd6 23.Nxe6 Rxe6 24.e4 Qg3 25.Qf2 Nf4 26.Qxg3 hxg3 27.Bb1 Rb8 28.axb6 Rxb6
29.Nc5 Rxb2 30.Bc2 Re8 31.e5 N6h5 32.Kf1 Ng7 33.Nd7 Nf5 34.Nf6+ Kf8 35.
Nxe8 Kxe8 36.e6 fxe6 37.h4 Kf7 38.h5 gxh5 0-1

[Event "26th EUR-ch"]
[Site "Katowice POL"]
[Date "2026.04.18"]
[Round "10.151"]
[White "Wacior, Maciej"]
[Black "Vasynda, Oleksandr"]
[Result "0-1"]
[WhiteElo "2160"]
[BlackElo "2306"]
[EventDate "2026.04.07"]
[PlyCount "76"]

1.d4 d5 2.Nf3 Nf6 3.Bf4 c5 4.e3 Nc6 5.Nbd2 Bf5 6.c3 Qb6 7.Nh4 Bg4 8.Qb3 h6
9.Qxb6 axb6 10.Bc7 g5 11.h3 Be6 12.Nhf3 Nd7 13.Be2 Bg7 14.O-O O-O 15.Nh2 
Rfc8 16.Bg3 Bf5 17.f4 cxd4 18.exd4 Nxd4 19.cxd4 Bxd4+ 20.Kh1 Bxb2 21.Rae1 
Bc3 22.fxg5 Bg6 23.Bg4 e6 24.Rxe6 fxe6 25.Bxe6+ Kh7 26.Ndf3 Rd8 27.Bxd5 
Nc5 28.Bc4 b5 29.Bxb5 Ne4 30.Bh4 hxg5 31.Nxg5+ Nxg5 32.a4 Ne4 33.Ng4 Rf8 
34.Rd1 Bg7 35.Kh2 Nc3 36.Rd7 Rf7 37.Rd6 Nxb5 38.axb5 Ra2 0-1

[Event "26th EUR-ch"]
[Site "Katowice POL"]
[Date "2026.04.18"]
[Round "10.152"]
[White "Tezcan, Alper"]
[Black "Martirosyan, David"]
[Result "1-0"]
[WhiteElo "2121"]
[BlackElo "2281"]
[EventDate "2026.04.07"]
[PlyCount "71"]

1.e4 e6 2.d4 d5 3.Nd2 h6 4.Ngf3 Nf6 5.e5 Nfd7 6.c4 c5 7.cxd5 exd5 8.Bd3 
Nc6 9.O-O c4 10.Bc2 Nb6 11.Re1 Be6 12.b3 Qd7 13.bxc4 dxc4 14.Ne4 O-O-O 15.
Be3 Be7 16.Qe2 g5 17.Nc5 Bxc5 18.dxc5 Nd5 19.Ba4 Nxe3 20.Qxe3 Qd3 21.Qc1 
g4 22.Bxc6 bxc6 23.Rb1 c3 24.Re3 Qa6 25.Ne1 Bf5 26.Rb3 c2 27.Nxc2 Qxa2 28.
Ne1 Rd7 29.Qc3 Be6 30.Ra3 Qc4 31.Qa1 Qxc5 32.Rec3 Bc4 33.Qc1 Rd4 34.Ra4 
Qxe5 35.Raxc4 Re8 36.Re3 1-0

[Event "26th EUR-ch"]
[Site "Katowice POL"]
[Date "2026.04.18"]
[Round "10.153"]
[White "Liskiewicz, Jakub"]
[Black "Madrawski, Krzysztof"]
[Result "1-0"]
[WhiteElo "2280"]
[BlackElo "2132"]
[EventDate "2026.04.07"]
[PlyCount "57"]

1.d4 d6 2.c4 e5 3.Nf3 e4 4.Nfd2 f5 5.Nc3 Nf6 6.e3 Be7 7.f3 O-O 8.fxe4 fxe4
9.Ndxe4 Nxe4 10.Nxe4 d5 11.cxd5 Bb4+ 12.Nc3 Qh4+ 13.g3 Qe4 14.Rg1 Nd7 15.
Bg2 Qg6 16.Qb3 Bd6 17.e4 Bxg3+ 18.hxg3 Qxg3+ 19.Kd1 Nc5 20.dxc5 Bg4+ 21.
Kc2 Rf2+ 22.Bd2 Rxd2+ 23.Kxd2 Qf2+ 24.Kd3 Rf8 25.Bh1 Bh3 26.Qc2 Qxc5 27.
Qh2 Bd7 28.Rxg7+ Kxg7 29.Qg1+ 1-0

[Event "26th EUR-ch"]
[Site "Katowice POL"]
[Date "2026.04.18"]
[Round "10.154"]
[White "Velikic, Adela"]
[Black "Gajdzica, Maciej"]
[Result "1-0"]
[WhiteElo "2278"]
[BlackElo "2110"]
[EventDate "2026.04.07"]
[PlyCount "63"]

1.d4 Nf6 2.c4 g6 3.Nc3 Bg7 4.e4 d6 5.h3 e5 6.d5 a5 7.Bd3 Na6 8.Nge2 Bd7 9.
Be3 h5 10.Qd2 Nc5 11.Bc2 Ng8 12.O-O-O Bh6 13.f4 Qe7 14.Rhf1 b6 15.Kb1 exf4
16.Nxf4 Bg7 17.Bd4 Bxd4 18.Qxd4 Qe5 19.Qf2 Nh6 20.Nd3 Nxd3 21.Rxd3 O-O 22.
Rg3 Rfe8 23.Ne2 b5 24.c5 c6 25.Nf4 dxc5 26.dxc6 Be6 27.Nxg6 fxg6 28.Rxg6+ 
Kh7 29.Qf6 Qxf6 30.Rfxf6 Bxa2+ 31.Kxa2 Nf7 32.e5 1-0

[Event "26th EUR-ch"]
[Site "Katowice POL"]
[Date "2026.04.18"]
[Round "10.155"]
[White "Tashkinova, Sofiia"]
[Black "Musial, Igor"]
[Result "0-1"]
[WhiteElo "2105"]
[BlackElo "2270"]
[EventDate "2026.04.07"]
[PlyCount "68"]

1.e4 c5 2.Nf3 d6 3.d4 cxd4 4.Nxd4 Nf6 5.Nc3 Nc6 6.Bc4 Qb6 7.Nb3 e6 8.Bf4 
Qd8 9.Qd2 a6 10.Be2 b5 11.a3 Qc7 12.O-O-O Ne5 13.Qe3 Bb7 14.Nd4 Be7 15.h4 
O-O 16.Bg5 Rfe8 17.f4 Nc4 18.Bxc4 bxc4 19.f5 Bd8 20.fxe6 fxe6 21.Nf3 h6 
22.e5 dxe5 23.Nxe5 hxg5 24.hxg5 Ne4 25.Nxe4 Qxe5 26.Qh3 Bxe4 27.Qh8+ Kf7 
28.Qh5+ g6 29.Rd7+ Re7 30.Qd1 Bd5 31.Rh7+ Kg8 32.Qh1 Rxd7 33.Rxd7 Be7 34.
Kb1 Rb8 0-1

[Event "26th EUR-ch"]
[Site "Katowice POL"]
[Date "2026.04.18"]
[Round "10.156"]
[White "Karvatskyi, Oleksii"]
[Black "Odabasi, Ruzgar"]
[Result "1-0"]
[WhiteElo "2269"]
[BlackElo "2065"]
[EventDate "2026.04.07"]
[PlyCount "75"]

1.e4 c5 2.Nf3 Nc6 3.d4 cxd4 4.Nxd4 g6 5.c4 Nf6 6.Nc3 d6 7.Be2 Nxd4 8.Qxd4 
Bg7 9.Be3 O-O 10.Qd3 Be6 11.Bd4 Qa5 12.O-O Rfc8 13.b3 a6 14.a4 Nd7 15.Bxg7
Kxg7 16.Rab1 Qb6 17.Kh1 a5 18.f4 f6 19.Qg3 Nc5 20.Bd1 Qc7 21.Bc2 Bf7 22.
Rbd1 Ra6 23.Nd5 Bxd5 24.exd5 Qd8 25.h4 Qe8 26.Rde1 b6 27.Re3 Ra7 28.Qh3 
Nd7 29.h5 Nf8 30.hxg6 hxg6 31.Kh2 Rd8 32.Rh1 Qf7 33.Kg1 Qg8 34.Rg3 Kf7 35.
Bxg6+ Nxg6 36.Qe6+ Kf8 37.f5 Qxe6 38.dxe6 1-0

[Event "26th EUR-ch"]
[Site "Katowice POL"]
[Date "2026.04.18"]
[Round "10.157"]
[White "Celik, Ali Alper"]
[Black "Korniichuk, Oleksandra"]
[Result "1-0"]
[WhiteElo "2256"]
[BlackElo "2055"]
[EventDate "2026.04.07"]
[PlyCount "63"]

1.e4 e5 2.Nf3 Nc6 3.d4 exd4 4.Nxd4 Bc5 5.Nxc6 Qf6 6.Qf3 dxc6 7.Nc3 Qxf3 8.
gxf3 Be6 9.Be3 Bxe3 10.fxe3 Ne7 11.O-O-O f6 12.Ne2 g5 13.Nd4 Bd7 14.Bc4 
Ng6 15.Ne6 Ke7 16.Nc5 Bc8 17.f4 b6 18.Nd3 Bg4 19.Rdf1 Be2 20.Rf2 Bxd3 21.
cxd3 Rhf8 22.Rhf1 Nh4 23.fxg5 fxg5 24.Rf7+ Rxf7 25.Rxf7+ Kd6 26.d4 c5 27.
e5+ Kc6 28.d5+ Kb7 29.d6 Rc8 30.Bd5+ Kb8 31.d7 Rd8 32.e6 1-0